000 00338cam a22001097a 4500
008 180718b1969 xxu||||| |||| 00| 0 eng d
082 _aJ71x42 Un3 C.2
245 _aThe new towns of Britain
_cBy Central office of information
260 _aLondon
_bCentral office of information
_c1969
300 _a26p
650 _aNew towns - Great Britain.
999 _c410442
_d410442